00517 a2200205 4500001000700000003000400007005001700011008004100028020001800069082001600087100002300103245005700126250001200183260003300195300001000228490002800238500001200266630001600278700001700294065990OSt20251211104420.0  a9780070605022 a512.5bL66T1 aSeymour, Lipschutz1 aLinear algebracBy Lipschutz Seymour And M.l. Lipson a3rd ed. aNew DelhibMcGraw Hillc2010 a424p. aSchaum's outline series aEnglish aMathematics aLipson, M.L.